| 000 | 00393nam a2200169Ia 4500 | ||
|---|---|---|---|
| 008 | 230524s9999 xx 000 0 und d | ||
| 020 | _a8121928400 | ||
| 082 |
_a331.714 _bAHU |
||
| 100 | _aH.L.Ahuja | ||
| 245 | 0 | _aManagerial Economics | |
| 250 | _a2ND | ||
| 260 |
_aNEW DELHI _bS.Chand _c2007 |
||
| 300 | _aXV;976 | ||
| 500 | _aQuantity Number: 45 | ||
| 650 | _aEconomics | ||
| 942 | _cBK | ||
| 999 |
_c38760 _d38760 |
||